00833 2200313 4500001002100000005001500021035002000036007000300056040001700059100003000076245003600106250001200142300003300154020001800187041000800205082001400213084002000227090001900247264004900266336002100315337003000336338002300366650002100389850001000410008004100420500001800461504002400479990001600503INLIS00000000000630420260418072246 a0010-0322000548ta aSBPUPADbInd0 aAdhyaksa DaultePengarang1 aBangsa Bahari /cAdhyaksa Dault a.-Cet 1 av,56 hal. :bIllus. ;c29 cm a602-8227-44-50 aInd a362.959.8 a362.959.8 DAU b a352 BAY p 12-1 a.--Yogyakarta :bPT Citra Aji Pratama,c2009 2rdacontentaTeks 2rdamediaaTanpa Perantara 2rdacarrieravolume 4aPemuda& Kelautan aPUPAD260418 0  aIndeks,hlm 55 abibliografi, hlm 56 a00000016176